000 01500nam a2200277 i 4500
003 CSPC
005 20250820135756.0
008 250820s2022 maua b 000 0 eng d
020 _a9780323989114
040 _cCSPC
_aCSPC
_beng
_erda
050 0 4 _aQC173
_b.S477 2022
082 0 4 _a530.41
_bSo441
_223
245 0 0 _aSolid state physics. Volume 73 /
_cedited by Rair Macedo.
250 _aFirst edition.
264 1 _aCambridge, Massachusetts :
_bAcademic Press, an imprint of Elsevier,
_c2022.
300 _aix, 125 pages :
_billustrations ;
_c24 cm.
336 _2rdacontent
_atext
337 _2rdamedia
_aunmediated
338 _2rdacarrier
_avolume
504 _aIncludes bibliographical references.
505 0 _a1. Spin dynamics in patterned magnetic multilayers with perpendicular magnetic anisotropy -- Introduction -- Spin waves in thin films with PMA -- Spin-wave dynamics in magnonic crystals -- Spin dynamics in topologically protected spin textures -- Concluding remarks and future challenging -- 2. Using hyperbolic media for efficient near-field radiative heat transfer -- Introduction -- Method -- Hyperbolic polaritons in anisotropic materials -- Near-field radiative heat transfer of HBN -- Near-field radiative heat transfer in a-MoO3 -- Final remarks.
650 0 _aSolid state physics.
700 1 _aMacedo, Rair,
_eeditor.
942 _2ddc
_n0
_cBK
_h530.41
_iSo441
_kENG
_m2022
999 _c30126
_d30126